000
00309 a2200157 4500
001
171475
020
_a
040
_c
Magnum
100
_a
Lima, Maria da Paz V.
240
1
0
_a
Amigos do mar
_l
por
245
1
0
_a
Amigos do mar
362
0
_a
1899
440
1
_a
Paulinas
697
_a
I/GERAL
942
_c
BK
999
_c
171475
_d
171475